Online
Catalog

El capitalismo como sistema / (Record no. 23779)

MARC details
000 -CABECERA
campo de control de longitud fija 00959nam a2200289 a 4500
001 - NÚMERO DE CONTROL
campo de control 000024285
003 - IDENTIFICADOR DEL NÚMERO DE CONTROL
campo de control DO-SdBNP
005 - FECHA Y HORA DE LA ÚLTIMA TRANSACCIÓN
campo de control 20250410123554.0
008 - DATOS DE LONGITUD FIJA--INFORMACIÓN GENERAL
campo de control de longitud fija 110125s1972 sp r 000 | spa d
040 ## - FUENTE DE LA CATALOGACIÓN
Centro catalogador/agencia de origen DO-SdBNP
Lengua de catalogación spa
Centro/agencia transcriptor BNPHU
082 #4 - NÚMERO DE LA CLASIFICACIÓN DECIMAL DEWEY
Número de clasificación 330.122
Número de documento/Ítem C877c
Número de edición 22
100 1# - ENTRADA PRINCIPAL--NOMBRE DE PERSONA
Nombre de persona Cox, Oliver C.
9 (RLIN) 49849
245 13 - MENCIÓN DE TÍTULO
Título El capitalismo como sistema /
Mención de responsabilidad, etc. Oliver C. Cox ; versión castellana de Fernando Santos Fontenla.
260 ## - PUBLICACIÓN, DISTRIBUCIÓN, ETC.
Lugar de publicación, distribución, etc. Madrid, España :
Nombre del editor, distribuidor, etc. Editorial Fundamentos,
Fecha de publicación, distribución, etc. 1972.
300 ## - DESCRIPCIÓN FÍSICA
Extensión 380 p. :
Otras características físicas il. ;
Dimensiones 20 cm.
490 1# - MENCIÓN DE SERIE
Mención de serie Ciencia
Designación de volumen o secuencia 17
490 1# - MENCIÓN DE SERIE
Mención de serie Economía
500 ## - NOTA GENERAL
Nota general Incluye referencias bibliográficas y notas al pie de las páginas
500 ## - NOTA GENERAL
Nota general Incluye notas al pie de páginas
500 ## - NOTA GENERAL
Nota general Incluye colección de títulos
650 #0 - PUNTO DE ACCESO ADICIONAL DE MATERIA--TÉRMINO DE MATERIA
Término de materia o nombre geográfico como elemento de entrada Capitalismo
9 (RLIN) 280
650 #4 - PUNTO DE ACCESO ADICIONAL DE MATERIA--TÉRMINO DE MATERIA
Término de materia o nombre geográfico como elemento de entrada Sistemas económicos
9 (RLIN) 7422
650 #4 - PUNTO DE ACCESO ADICIONAL DE MATERIA--TÉRMINO DE MATERIA
Término de materia o nombre geográfico como elemento de entrada Tecnocrácia
9 (RLIN) 33680
700 1# - PUNTO DE ACCESO ADICIONAL--NOMBRE DE PERSONA
Nombre de persona Santos Fontenla, Fernando
9 (RLIN) 48628
830 #0 - PUNTO DE ACCESO ADICIONAL DE SERIE-TÍTULO UNIFORME
Título uniforme Economía
9 (RLIN) 2914
942 ## - ELEMENTOS DE PUNTO DE ACCESO ADICIONAL (KOHA)
Fuente del sistema de clasificación o colocación Dewey Decimal Classification
Tipo de ítem Koha Libro
Holdings
Estado de retiro Estado de pérdida Restricciones de uso No para préstamo Código de colección Localización permanente Ubicación/localización actual Ubicación en estantería Fecha de adquisición Número de inventario Total de préstamos Signatura topográfica completa Código de barras Fecha visto por última vez Precio válido a partir de Tipo de ítem Koha Número de copia
      Excluido de préstamo Monografías: Libros y Folletos General General Depósito 25.01.2011 LF1   330.122 C877c 24285-10 25.06.2020 25.06.2020 No se presta  
  Extraviado   Excluido de préstamo Monografías: Libros y Folletos General General Extraviado 26.05.2017 LF1   330.122 C877c 24285-20 25.06.2020 25.06.2020 No se presta e. 2

Powered by Koha